Ngữ pháp tiếng Việt thực hành = A practical grammar of Vietnamese
Nội dung sách nhằm hướng dẫn phương pháp học tiếng Việt dành cho các người nước ngoài có nhu cầu học tiếng Việt Nam.
Guardat en:
| Autor principal: | |
|---|---|
| Format: | Llibre |
| Idioma: | Undetermined |
| Publicat: |
Hà Nội
Đại học Quốc Gia Hà Nội
2006
|
| Matèries: | |
| Etiquetes: |
Afegir etiqueta
Sense etiquetes, Sigues el primer a etiquetar aquest registre!
|
| Thư viện lưu trữ: | Trung tâm Học liệu Trường Đại học Cần Thơ |
|---|
| LEADER | 00878nam a2200229Ia 4500 | ||
|---|---|---|---|
| 001 | CTU_112576 | ||
| 008 | 210402s9999 xx 000 0 und d | ||
| 020 | |c 49700 | ||
| 082 | |a 495.9225 | ||
| 082 | |b H401 | ||
| 100 | |a Nguyễn, Chí Hòa | ||
| 245 | 0 | |a Ngữ pháp tiếng Việt thực hành = | |
| 245 | 2 | |b A practical grammar of Vietnamese | |
| 245 | 0 | |c Nguyễn Chí Hòa | |
| 260 | |a Hà Nội | ||
| 260 | |b Đại học Quốc Gia Hà Nội | ||
| 260 | |c 2006 | ||
| 520 | |a Nội dung sách nhằm hướng dẫn phương pháp học tiếng Việt dành cho các người nước ngoài có nhu cầu học tiếng Việt Nam. | ||
| 650 | |a Vietnamese language,Vietnamese language | ||
| 650 | |x Grammar,Study and teaching | ||
| 904 | |i Minh | ||
| 980 | |a Trung tâm Học liệu Trường Đại học Cần Thơ | ||